U.S. States by Latin Motto - Statistics

General Stats
  • This quiz has been taken 44 times
    38 since last reset
  • The average score is 11 of 25
Answer Stats
Hint Answer % Correct
“Excelsior”It grows as it goes New York
77%
“Dirigo”I lead Maine
62%
“Si quaeris peninsulam amoenam circumspice”If you seek a pleasant peninsula, look about you Michigan
62%
“Sic semper tyrannis”Thus always to tyrants Virginia
62%
“Ditat Deus” God enriches Arizona
54%
“Ad astra per aspera”To the stars through difficulties Kansas
54%
“Montani semper liberi”Mountaineers are always free West Virginia
54%
“Audemus jura nostra defendere”We dare defend our rights Alabama
46%
“Qui transtulit sustinet”He who transplanted still sustains Connecticut
46%
“Crescit eundo”It grows as it goes New Mexico
46%
“Esse quam videri”To be, rather then to seem North Carolina
46%
“Justitia Omnibus”Justice for all Washington D.C.
46%
“Labor omnia vincit”Labor conquers all things Oklahoma
38%
“Alis volat propriis”She flies with her own wings Oregon
38%
“Dum spiro spero”While I breathe, I hope “Animis opibusque parati” Ready in soul and resource South Carolina
38%
“Stella quarta decima fulgeat”May the fourteenth star shine bright Vermont
38%
“Regnat populus”The people rule Arkansas
31%
“Nil sine numine”Nothing without providence Colorado
31%
“Esto perpetua”Let it be perpetual Idaho
31%
“Ense petit placidam sub libertate quietem”By the sword we seek peace, but peace only under liberty Massachussets
31%
“Salus populi suprema lex esto”Let the welfare of the people be the supreme law Missouri
31%
“Serit ut alteri saeclo prosit”One sows for the benefit of another age North Dakota
31%
“Joannes est nomen ejus”John is his name Puerto Rico
31%
“Virtute et armis”By valor and arms Mississippi
23%
“Deo gratiam habeamus”Let us be grateful to God Kentucky
15%
No matching quizzes found
Score Distribution
Percent of People with Each Score
Percentile by Number Answered
Your Score History
You have not taken this quiz since the last reset